LEADER 01029nam0 22002893i 450 001 UBO1003528 005 20231121125854.0 010 $a0898590965 100 $a20161109d1982 ||||0itac50 ba 101 | $aeng 102 $aus 181 1$6z01$ai $bxxxe 182 1$6z01$an 200 1 $aRegressions in mental development$ebasic phenomena and theories$fedited by Thomas G. Bever 210 $aHillsdale$aLondon$cLawrence Erlbaum Associates$d1982 215 $aVI, 321 p.$cill.$d24 cm. 606 $aRegression$2FIR$3RMLC385285$9I 676 $a155.4$9Psicologia infantile.$v21 702 1$aBever$b, Thomas G.$3FERV005722 801 3$aIT$bIT-01$c20161109 850 $aIT-FR0017 899 $aBiblioteca umanistica Giorgio Aprea$bFR0017 $eN 912 $aUBO1003528 950 0$aBiblioteca umanistica Giorgio Aprea$d 52MAG 7/1101$e 52MAG0000187945 VMN RS $fA $h20170628$i20170628 977 $a 52 996 $aRegressions in mental development$93640008 997 $aUNICAS LEADER 02935nam 2200637zu 450 001 9910133534103321 005 20210807004429.0 010 $a2-905838-74-4 024 7 $a10.4000/books.cedej.923 035 $a(CKB)3390000000053790 035 $a(SSID)ssj0001537257 035 $a(PQKBManifestationID)11830999 035 $a(PQKBTitleCode)TC0001537257 035 $a(PQKBWorkID)11519519 035 $a(PQKB)10430259 035 $a(WaSeSS)IndRDA00044408 035 $a(FrMaCLE)OB-cedej-923 035 $a(oapen)https://directory.doabooks.org/handle/20.500.12854/52229 035 $a(PPN)18283056X 035 $a(oapen)doab52229 035 $a(EXLCZ)993390000000053790 100 $a20160829d2004 uy 101 0 $afre 135 $aur||||||||||| 181 $ctxt 182 $cc 183 $acr 200 12$aL'effendiyya ou la modernité contestée 210 $cCEDEJ - Égypte/Soudan$d2004 210 31$a[Place of publication not identified]$cCEDEJ Égypte/Soudan$d2004 215 $a1 online resource (139 pages) 225 1 $aCollection 15/20 300 $aBibliographic Level Mode of Issuance: Monograph 320 $aIncludes bibliographical references. 330 $aDans l'Egypte de l'entre-deux guerres émerge une nouvelle catégorie sociale : l?effendiyya. Les jeunes hommes qui la constituent - les effendîs - affichent les signes d'une modernité incontestable : diplômés, habillés à l'occidentale, portant le tarbush, ils sont férus de cinéma et grands consommateurs de presse. Conscients du rôle qu'ils sont amenés à jouer pour l'avenir de leur pays, ils tentent de prendre une part active à la vie politique. Mais comment trouver sa place dans une société dominée à la fois par une élite attachée à ses privilèges et par l'occupant britannique ? Comment devenir « moderne » et acquérir une vie meilleure quand la tradition pèse si lourd et que le diplôme mène au chômage ? À travers l'analyse de documents d'époque, Lucie Ryzova brosse le portrait de cette effendiyya prise entre deux mondes et dont la position ambiguë la conduira à devenir l'agent principal des bouleversements sociaux qui marquent la fin de la monarchie. 410 0$aCollection 15/20. 606 $aSociology & Social History$2HILCC 606 $aSocial Sciences$2HILCC 606 $aSocial Conditions$2HILCC 607 $aEgypt$xSocial conditions$y20th century 610 $aLe Caire 610 $arécit de vie 610 $aentre-deux-guerres 610 $aÉgypte 610 $aoccidentalisation 610 $aculture populaire arabe 610 $aeffendiyya 615 7$aSociology & Social History 615 7$aSocial Sciences 615 7$aSocial Conditions 700 $aRyzova$b Lucie$0959613 801 0$bPQKB 906 $aBOOK 912 $a9910133534103321 996 $aL'effendiyya ou la modernité contestée$92174640 997 $aUNINA